000 00597nam a2200145 4500
999 _c38533
_d38533
082 _aRP.0370
100 _aPatel, J.M. Asgarali
_uDepartment of Psychology, Annamalai University
_vAnnamalai Nagar, Tamil Nadu
245 _aStalking Victimization among Female Students in Indian Context/
_c J.M. Asgarali Patel
260 _aAnnamalai Nagar, Tamil Nadu:
_bIndian Council of Social Science Research,
_c2015
300 _a236p.
500 _aIncluded Bibliographical References and Appendix
650 _aStalking Victim
_xVictims of crimes
_zIndia
650 _aFemale Student
_xGirls
942 _2ddc
_cRP